000 00602cam a2200181 a 4500
005 20250901165425.0
008 881021s1989 nyu 001 0 eng
010 _a 88007993
020 _a0140120904 :
_c$8.95 ($9.95 Can.)
050 1 0 _aHD2746.5 .B78 1989
_b.B78 1989
082 0 0 _a332.63/2/0973
_219
100 1 _aBruck, Connie.
245 1 4 _aThe Predators' Ball :
_bthe inside story of Drexel Burnham and the rise of the junk bond raiders /
_cConnie Bruck.
260 _aNew York, N.Y., U.S.A. :
_bPenguin Books,
_c1989.
300 _a399 p. ;
_c20 cm.
500 _aIncludes index.
942 _2lcc
999 _c3742
_d3742